000 00603nam a2200193Ia 4500
008 220216s9999 xx 000 0 und d
100 _aAlam B.
245 0 _aPhotosynthetic responses at low temperature in young plants of Hevea brasiliensis: Role of partial shade to reduce photoinhibitory effects
260 _bIndian Journal of Natural Rubber Research
_c2002
300 _a49-54
650 _aCold stress
650 _aLow temperature stress
650 _aPhotoinhibition
650 _aPhotosynthesis
700 _aChoudhury M.
700 _aDey S.K.
700 _aSarma A.C.
942 _cBS
999 _c50407
_d50407